RICS expert witness training (Record no. 73405)

MARC details
000 -LEADER
fixed length control field 01153cam a2200217 4500
001 - CONTROL NUMBER
control field WB3935-05
008 - FIXED-LENGTH DATA ELEMENTS--GENERAL INFORMATION
fixed length control field 030916n2003 000 0 eng u
035 ## - SYSTEM CONTROL NUMBER
System control number (Sirsi) u123607
245 ## - TITLE STATEMENT
Title RICS expert witness training
260 ## - PUBLICATION, DISTRIBUTION, ETC.
Date of publication, distribution, etc. 2003
490 ## - SERIES STATEMENT
Series statement RICS Dispute Resolution Faculty Legal Update
Volume/sequential designation 12 September 2003 (1)
520 ## - SUMMARY, ETC.
Summary, etc. RICS Dispute Resolution Faculty, in conjunction with specialist legal training provider Bond Solon, is offering a series of one day expert witness courses tailored to meet the needs of surveyors. Course details available in pdf format at http://www.rics.org/downloads/events/RICSewt03flyer290703.pdf or by contacting the faculty [email protected] or via the Bond Solon website, http://www.bondsolon.com. http://www.rics.org/ricscms/bin/show?class=Events&template=/includes/showevents.html&id=2877
590 ## - LOCAL NOTE (RLIN)
Local note WB
650 ## - SUBJECT ADDED ENTRY--TOPICAL TERM
Topical term or geographic name entry element EXPERT WITNESSES
650 ## - SUBJECT ADDED ENTRY--TOPICAL TERM
Topical term or geographic name entry element SURVEYORS
650 ## - SUBJECT ADDED ENTRY--TOPICAL TERM
Topical term or geographic name entry element MANAGEMENT-DISPUTE AVOIDANCE, MANAGEMENT AND RESOLUTION-DISPUTE MANAGEMENT AND RESOLUTION-ARBITRATION
650 ## - SUBJECT ADDED ENTRY--TOPICAL TERM
Topical term or geographic name entry element INDEPENDENT EXPERTS
650 ## - SUBJECT ADDED ENTRY--TOPICAL TERM
Topical term or geographic name entry element REPORT WRITING
690 ## - LOCAL SUBJECT ADDED ENTRY--TOPICAL TERM (OCLC, RLIN)
Topical term or geographic name as entry element Dispute resolution
9 (RLIN) 6236
942 ## - ADDED ENTRY ELEMENTS (KOHA)
Suppress in OPAC 0
Holdings
Withdrawn status Lost status Source of classification or shelving scheme Damaged status Not for loan Home library Current library Shelving location Date acquired Total Checkouts Full call number Barcode Date last seen Copy number Price effective from Koha item type
    Dewey Decimal Classification     London London News article 16/09/2003   WB3935-05 123607-1001 06/08/2019 1 06/08/2019 News article